Holy Grail Characters Quiz Stats

 Plays Quiz not verified by Sporcle

Score 0/36 Timer 10:00
0 Plays Today
Character % Correct
Sir Lancelot the Brave
98.6%
King Arthur
97.2%
Sir Robin the Not-Quite-So-Brave-As-Sir-Lancelot
95.8%
Sir Galahad the Pure
88.9%
Tim the Enchanter
80.6%
Patsy
75%
Sir Bedevere
73.6%
Dennis
66.7%
The Black Knight
61.1%
King of Swamp Castle
61.1%
Left Head
59.7%
Middle Head
58.3%
Right Head, Leader of The Knigths Who Say Ni!
58.3%
Prince Herbert
51.4%
God
50%
Hiccoughing Guard
48.6%
Second Swallow-Savvy Guard
48.6%
First Swalow-Savvy Guard
48.6%
Character % Correct
First Swamp Castle Guard
47.2%
Old Man from Scene 24 (Bridgekeeper)
47.2%
Dead Collector
43.1%
Brother Maynard
43.1%
Taunting French Guardguard
41.7%
Roger the Shrubber
40.3%
Concorde
38.9%
Brother Maynard's Brother
37.5%
Peasant 3
34.7%
Peasant 2
34.7%
Animator
29.2%
Peasant 1
26.4%
Narrator
26.4%
Green Knight
23.6%
Sir Bors
23.6%
Dennis's Mother
23.6%
Gorilla Hand
11.1%
Cartoon Scribe
9.7%

You're not logged in!

Compare scores with friends on all Sporcle quizzes.
OR
Log In

Show Comments

Extras

Top Quizzes Today


Score Distribution

Your Account Isn't Verified!

In order to create a playlist on Sporcle, you need to verify the email address you used during registration. Go to your Sporcle Settings to finish the process.

Report this User

Report this user for behavior that violates our Community Guidelines.

Details: